Tìm hiểu luật phòng, chống ma túy
Shranjeno v:
| Glavni avtor: | |
|---|---|
| Format: | Knjiga |
| Jezik: | Undetermined |
| Izdano: |
H.
CTQG
2002
|
| Teme: | |
| Oznake: |
Označite
Brez oznak, prvi označite!
|
| Thư viện lưu trữ: | Trung tâm Học liệu Trường Đại học Cần Thơ |
|---|
| LEADER | 00542nam a2200193Ia 4500 | ||
|---|---|---|---|
| 001 | CTU_52266 | ||
| 008 | 210402s9999 xx 000 0 und d | ||
| 020 | |b 17000 | ||
| 082 | |a 345.5970277 | ||
| 082 | |b Đ552 | ||
| 100 | |a Nguyễn Minh Đức | ||
| 245 | 0 | |a Tìm hiểu luật phòng, chống ma túy | |
| 245 | 0 | |c Nguyễn Minh Đức | |
| 260 | |a H. | ||
| 260 | |b CTQG | ||
| 260 | |c 2002 | ||
| 650 | |a criminal law,narcotics, control of | ||
| 650 | |z vietnam | ||
| 980 | |a Trung tâm Học liệu Trường Đại học Cần Thơ | ||